Math plans: lessons from the field / (Record no. 103991)
[ view plain ]
| 000 -LEADER | |
|---|---|
| fixed length control field | 00451nam a2200157 a 4500 |
| 005 - DATE AND TIME OF LATEST TRANSACTION | |
| control field | 20140412111311.0 |
| 008 - FIXED-LENGTH DATA ELEMENTS--GENERAL INFORMATION | |
| fixed length control field | 010328s19uu xx 00 eng d |
| 020 ## - INTERNATIONAL STANDARD BOOK NUMBER | |
| International Standard Book Number | 0-205-16270-3 |
| 050 ## - LIBRARY OF CONGRESS CALL NUMBER | |
| Classification number | TR(GS 372.7 |
| Item number | H37 1997 |
| 100 ## - MAIN ENTRY--PERSONAL NAME | |
| Personal name | Marshall, Patricia |
| 245 ## - TITLE STATEMENT | |
| Title | Math plans: lessons from the field / |
| Statement of responsibility, etc | Patricia Marshall. |
| 260 ## - PUBLICATION, DISTRIBUTION, ETC. (IMPRINT) | |
| Place of publication, distribution, etc | Needham Heights, MA : |
| Name of publisher, distributor, etc | Longwood Division, |
| Date of publication, distribution, etc | 1997. |
| 300 ## - PHYSICAL DESCRIPTION | |
| Extent | 432 p. |
| 650 ## - SUBJECT ADDED ENTRY--TOPICAL TERM | |
| Topical term or geographic name as entry element | Education |
| Withdrawn status | Lost status | Damaged status | Home library | Current library | Shelving location | Date acquired | Source of acquisition | Total Checkouts | Full call number | Barcode | Date last seen | Price effective from | Koha item type |
|---|---|---|---|---|---|---|---|---|---|---|---|---|---|
| Elizalde Library | Elizalde Library | Teachers Reference Section | 03/28/2001 | TR(GS 372.7 H37 1997 | E6227 | 04/12/2014 | 04/12/2014 | Books |